Statistics for Largest Cities in Each Section of the World

Click here to take the quiz!

General Stats

  • This quiz has been taken 622 times
  • The average score is 43 of 117

Answer Stats

Answer% Correct
New York City
96%
London
93%
Tokyo
93%
Moscow
92%
Los Angeles
91%
Mexico City
91%
Paris
90%
Beijing
89%
São Paulo
89%
Delhi
88%
Buenos Aires
87%
Cairo
87%
Sydney
87%
Jakarta
86%
Madrid
85%
Bogotá
83%
Lagos
83%
Lima
83%
Manila
82%
Santiago
82%
Istanbul
79%
Johannesburg
78%
Seattle
77%
Bangkok
76%
Guangzhou
76%
Kinshasa
76%
Cape Town
74%
Melbourne
74%
Miami
74%
Perth
74%
Reykjavik
72%
Anchorage
69%
Montréal
69%
Nairobi
69%
Honolulu
68%
San Francisco
67%
Riyadh
66%
Taipei
65%
Khartoum
62%
Calgary
60%
Lahore
56%
Brisbane
55%
Helsinki
55%
Bangalore
53%
Guatemala City
51%
Ulaanbaatar
49%
Nuuk
48%
Abidjan
45%
Recife
43%
Yekaterinburg
37%
Yellowknife
37%
Durban
35%
Apia
34%
Harbin
31%
St. John's
30%
Georgetown
28%
Honiara
27%
Santa Cruz
27%
Santa Cruz das Flores
27%
Arkhangelsk
25%
Gqeberha
25%
Nouakchott
25%
South Tarawa
25%
Yakutsk
25%
Iqaluit
22%
Nuku'alofa
22%
Longyearbyen
14%
Petropavlovsk-Kamchatsky
13%
Stanley
12%
Dunedin
8%
Edinburgh of the Seven Seas
8%
Fa'a'ā
8%
Kodiak
8%
Anadyr
7%
Hanga Roa
7%
McMurdo
7%
Qaanaaq
6%
Townsville
5%
Agadez
4%
Amundsen-Scott South Pole Station
4%
Comodoro Rivadavia
4%
Vostok
4%
Geraldton
3%
Kenai
3%
Macapá
3%
Port-aux-Français
3%
Puerto Ayora
3%
Addu City
2%
Davis
2%
Dumont d'Urville
2%
Kupang
2%
Mirny
2%
Norvegia
2%
Surgut
2%
Tabwakea
2%
Wake Island
2%
Alfred Faure
1%
Belgrano II
1%
Cape Chelyuskin
1%
Casey
1%
Concordia
1%
Danmarkshavn
1%
Half Tree Hollow
1%
Halley
1%
Kunlun
1%
Marambio
1%
McGill Arctic Research Station
1%
Nagurskoye
1%
Novolazarevskaya
1%
Port Mathurin
1%
Qinling Station
1%
Rothera
1%
SANAE IV
1%
Showa Station
1%
Taioha'e
1%
Union Glacier
1%
Waitangi
1%

Score Distribution

Percentile by Number Answered

Percent of People with Each Score

Your Score History

You have not taken this quiz